| 000 | 00657nam a22001577a 4500 | ||
|---|---|---|---|
| 003 | OSt | ||
| 005 | 20150913095643.0 | ||
| 008 | 150913b xxu||||| |||| 00| 0 eng d | ||
| 040 | _cRUA | ||
| 082 | _aAGR ឃុន 1996 B016 Or.1 | ||
| 100 |
_9366 _aឃុនកក្កដា |
||
| 245 | _aProgramme to inspect the latex tapping techniques in boeung ket rubber plantation company កម្មវិធីត្រួតពិនិត្យបច្ចេកទេសចៀរជ័រនៅក្រុមហ៊ុនចំការកៅស៊ូបឹងកេត | ||
| 260 |
_aPhnom Penh _bRUA _c1996 |
||
| 300 |
_a126p. _bill. _c29cm. |
||
| 942 |
_2ddc _cAGR |
||
| 999 |
_c346 _d346 |
||